Guess the U.S. State by its Capitol Building - Statistics

General Stats
  • This quiz has been taken 17 times
  • The average score is 8 of 15
Answer Stats
Picture Answer % Correct
Texas
80%
Maryland
67%
Alaska
60%
New York
60%
Connecticut
53%
Louisiana
53%
Massachusetts
53%
Michigan
53%
Ohio
53%
Pennsylvania
53%
New Hampshire
47%
California
40%
Colorado
40%
Minnesota
40%
Nebraska
40%
No matching quizzes found
Score Distribution
Percent of People with Each Score
Percentile by Number Answered
Your Score History
You have not taken this quiz